MESTSKÁ KNIŽNICA GIRALTOVCE  - online katalóg 

Od Maneta po Pollocka (Record no. 14876)

000 -NÁVESTIE
fixed length control field 00756nam a2200217 a 4500
008 - ÚDAJE S PEVNOU DĹŽKOU – VŠEOBECNÉ INFORMÁCIE
fixed length control field 960124s1973||||[C 0 slo c
040 ## - ZDROJ KATALOGIZÁCIE
Pôvodná katalogizujúca agentúra SNK
Jazyk katalogizácie slo
Prepisujúca agentúra SNK
Konvencie popisu AACR2
041 1# - KÓD JAZYKA
Kód jazyka textu/zvukovej stopy alebo samostatných nápisov slo
Kód jazyka originálu a/alebo sprostredkujúcich prekladov textu fre
044 ## - KÓD KRAJINY VYDAVATEĽA/PRODUCENTA
Kód krajiny MARC xo
Kód krajiny ISO SK
080 ## - ČÍSLO MEDZINÁRODNÉHO DESATINNÉHO TRIEDENIA (MDT)
Číslo Medzinárodného desatinného triedenia (MDT) 75(4-15)"1850/1950"(03)
020 ## - MEDZINÁRODNÉ ŠTANDARDNÉ ČÍSLO KNIHY (ISBN)
Údaje o dostupnosti 105
245 10 - NÁZOV
Názov Od Maneta po Pollocka
Zvyšok názvu Slovník západoeurópskeho maliarstva 20. stor. ; Na lexikone aut. prac. John Ashbery ; Prel. Soňa Hollá
250 ## - ÚDAJ O PORADÍ VYDANIA
Údaj o poradí vydania 2. dopl. vyd.
260 ## - VYDAVATEĽSKÉ ÚDAJE, DISTRIBÚCIA ATĎ.
Miesto publikovania, distribúcie atď. Bratislava
Názov vydavateľa, distibútora atď. Tatran
Dátum publikovania, distribúcie atď. 1973
Miesto výroby Košice
Výrobca Východoslov. tlač.
300 ## - FYZICKÝ POPIS
Rozsah 409, [5] s.
Rozmery
500 ## - VŠEOBECNÁ POZNÁMKA
Formátovaná poznámka o obsahu Pri tlači použité pôvodné litografie. Tit. dvojlist
700 1# - PRIDANÝ VSTUP – OSOBNÉ MENO
Osobné meno Ashbery, John
Kód roly aut
700 1# - PRIDANÝ VSTUP – OSOBNÉ MENO
Osobné meno Hollá, Soňa
Kód roly trl
765 0# - VÄZBA NA PÔVODNÝ JAZYK
Názov Nouveau dictionnaire de la peinture moderne
958 ## - Formálny deskriptor
Formálny deskriptor A
Holdings
Stav stiahnutia (Blokovanie) (Withrawn status) Stav straty Stav poškodenia (Damaged status) Nie pre výpožičky (Not for loan) Spôsob nadobudnutia (Collection code) Trvalé umiestnenie Aktuálne umiestnenie Dátum nadobudnutia Náklady, bežná kúpna cena Inventárne číslo (prírastkové číslo) Full call number Dátum posledného výskytu Cena s účinnosťou od Typ jednotky Koha
        Kúpa Mestská knižnica Giraltovce Mestská knižnica Giraltovce 2019-11-29 105.00 13921 I 0020 2019-11-29 2019-11-29 Odborná literatúra pre dospelých

Powered by Koha